Score 0/28 Timer 06:00
6 Plays Today
% Correct
Sharpeners
88.4%
Time
87.4%
Happy
87.1%
Ourselves
85.1%
Giants
84.9%
Breathe
84.5%
Leave
83.9%
Recovered
82.9%
Tame
82.9%
Fact
81.9%
Behind
81.1%
Do
80.9%
Heart
80.8%
Coming
80.2%
% Correct
Store
79.6%
Belong
79.1%
Minute
77.9%
Ones
76.9%
Light
75.2%
Repetitions
74.4%
Themselves
73.9%
Gatekeeper
72.9%
Hope
68.5%
Pocket
66%
Lovely
64.7%
Practice
64%
Love
59.7%
Us
59.1%

You're not logged in!

Compare scores with friends on all Sporcle quizzes.
OR
Log In

Sporcle TV

Today on Sporcle TV


Watch our educational content, quiz creation guides, and fun videos on Sporcle TV.

Show Comments

Extras

Top Quizzes Today


Score Distribution

Paid Content

Your Account Isn't Verified!

In order to create a playlist on Sporcle, you need to verify the email address you used during registration. Go to your Sporcle Settings to finish the process.

Report this User

Report this user for behavior that violates our Community Guidelines.

Details: